[Event "GER-ch Amateurs"]
[White "Spielmann, Jan"]
[Black "Scholz, Paul"]
[Site "Bad Wildungen"]
[Round "1"]
[Result "1-0"]
[Date "2024.??.??"]
[WhiteElo "1667"]
[BlackElo "1592"]
[PlyCount "65"]
[EventDate "2024.08.03"]
[EventType "swiss"]
[EventRounds "5"]
[EventCountry "GER"]
[SourceTitle "CBM 221 Extra"]
[Source "ChessBase"]
[SourceDate "2024.09.30"]
[SourceVersion "1"]
[SourceVersionDate "2024.09.30"]
[SourceQuality "1"]

1. e4 e6 2. d4 d5 3. exd5 exd5 4. Be3 Bf5 5. Bd3 Bxd3 6. Qxd3 c6 7. Nd2 Bd6 8. Ngf3 Nf6 9. h3 Nbd7 10. c3 h6 11. 0-0-0 Qa5 12. Rhe1 0-0-0 13. Kb1 b5 14. Nh4 g6 15. Rc1 Kb8 16. Nhf3 Qb6 17. Ne5 Rdf8 18. Ndf3 g5 19. Qf5 Qc7 20. Nxd7+ Nxd7 21. Ne5 Nb6 22. f4 f6 23. Ng6 Qh7 24. Qe6 gxf4 25. Qxd6+ Kb7 26. Bxf4 Qxg6+ 27. Ka1 Rc8 28. Re7+ Ka6 29. Qa3+ Na4 30. b3 Kb6 31. bxa4 a5 32. Qc5+ Ka6 33. Ra7# 1-0

[Event "GER-ch Amateurs"]
[White "Strodthoff, Felix"]
[Black "Scholz, Paul"]
[Site "Bad Wildungen"]
[Round "5"]
[Result "1/2-1/2"]
[Date "2024.??.??"]
[WhiteElo "1615"]
[BlackElo "1592"]
[PlyCount "57"]
[EventDate "2024.08.03"]
[EventType "swiss"]
[EventRounds "5"]
[EventCountry "GER"]
[SourceTitle "CBM 221 Extra"]
[Source "ChessBase"]
[SourceDate "2024.09.30"]
[SourceVersion "1"]
[SourceVersionDate "2024.09.30"]
[SourceQuality "1"]

1. e4 e6 2. d4 d5 3. Bd3 dxe4 4. Bxe4 Nf6 5. Bf3 Bd6 6. Ne2 Nbd7 7. c4 e5 8. c5 Be7 9. c6 e4 10. cxd7+ Bxd7 11. Bxe4 Nxe4 12. Nbc3 Nd6 13. 0-0 0-0 14. Nd5 Re8 15. Re1 c6 16. Nxe7+ Rxe7 17. Nc3 Rxe1+ 18. Qxe1 Be6 19. Be3 Qf6 20. Rd1 Re8 21. Qd2 Nc4 22. Qc1 Nb6 23. b3 h6 24. Ne4 Qg6 25. Ng3 Bd5 26. Qb1 Qxb1 27. Rxb1 Nc8 28. a4 a6 29. b4 1/2-1/2